[Event "Vic op 31st"]
[Site "Vic"]
[Date "2011.12.13"]
[Round "7"]
[White "Gamissans Bou, Marius"]
[Black "Tena Lameiro, Josep Maria"]
[Result "1-0"]
[WhiteElo "1732"]
[BlackElo "1700"]
[PlyCount "47"]
[EventDate "2011.10.18"]
[EventType "swiss"]
[EventRounds "8"]
[EventCountry "ESP"]
[SourceTitle "EXT 2013"]
[Source "ChessBase"]
[SourceDate "2012.11.22"]
[SourceVersion "1"]
[SourceVersionDate "2012.11.22"]
[SourceQuality "1"]

1. d4 f5 2. Nf3 Nf6 3. Nc3 e6 4. Bg5 Be7 5. e3 h6 6. Bxf6 Bxf6 7. Ne5 Bxe5 8. dxe5 d5 9. exd6 Qxd6 10. Qh5+ Ke7 11. Bd3 a6 12. 0-0 Nd7 13. Ne2 Nf6 14. Qg6 Rg8 15. Rfd1 Qb6 16. b3 Bd7 17. a4 Be8 18. Qg3 Bf7 19. h3 Nh5 20. Qe5 Qd6 21. Qc3 Qc6 22. Qb4+ Qd6 23. Qxb7 Rab8 24. Qf3 1-0